00910nam a2200241Ia 4500003000400000005001700004008004100021020001800062040001800080041000800098082002100106100003100127245010500158250001200263260003300275300002900308650003700337650003800374650003600412942003000448999001900478952017100497OSt20260327105508.0210716s2012 xx 000 0 und d a9780230766518 cAIMIT LIBRARY aeng a374.22 21bGUIC aGuillebeau, Chris.9259531 a100 startup : bfire your boss do what you love and work better to live more /cBy Chris Guillebeau. a1st ed. aLondon :bMacmillan ,c2012. axviii,285p. ;bPBc22 cm aUnexpected entrepreneurs9259532 aTaking IT to the streets 9259533 aLeverage and next steps9259534 2ddccBKe1stk374.22 GUIC c208724d208724 00102ddc40708MBAaAIMITbAIMITd2014-10-28g599.00iBillno:585;Billdt:2014-8-23l1o374.22 GUICpMBA11290r2026-05-23 00:00:00s2024-03-25v449.25w2021-07-16yBK